000 00388nam a2200133Ia 4500
008 151001s9999||||xx |||||||||||||| ||und||
100 _aनयनतारा देसाई
245 _aस्मृतीगंध जगन्मातेचा
250 _a1
260 _bविभासा पुस्तक महाल
260 _c2013
300 _a296
365 _b21
999 _c1001206
_d1001203